000 00327nam a2200121Ia 4500
008 250110s9999 xx 000 0 und d
041 _aeng
100 _aBhagwat Tanvi
_9182607
245 _aScience Museum At Bhopal
260 _bFinal Year B. Arch, BNCA
_c2014
300 _a44p
700 _aGuide Name:Patwardhan Ravi
_9210282
999 _c363474
_d363474